000 01101cam a2200133 4500500
005 20251214001353.0
041 _afre
042 _adc
100 1 0 _aChaudenson, Françoise
_eauthor
245 0 0 _aÀ qui appartient l'oeuvre d'art ?
260 _bArmand Colin,
_c2007.
520 _aLa question de la propriété de l'Œuvre d'art a pris une importance inédite. En cause, la mondialisation, l'ouverture des marchés, la montée en puissance des nouveaux supports et la confrontation de régimes juridiques très différents. C'est de l'avenir même du travail artistique qu'il est question. D'où l'importance de cet ouvrage : après un rappel des données historiques fondamentales, l'auteur clarifie les différents mécanismes d'appropriation du phénomène artistique. Croisant les ressources du droit et des sciences sociales, il éclaire le débat et propose des pistes d'avenir pour pallier de manière réaliste la menace croissante de dérégulation massive.
856 4 1 _uhttps://shs.cairn.info/a-qui-appartient-l-oeuvre-d-art--9782200347239?lang=fr&redirect-ssocas=7080
999 _c1566126
_d1566126